Statistics for Name the Jedi #1

Click here to take the quiz!

General Stats

  • This quiz has been taken 32 times
  • The average score is 9 of 15

Answer Stats

QuestionAnswer% Correct
The one who was said to bring balance to the Force, but for 19 years only left it in darkness.Anakin Skywalker
97%
Grand Master of the Order during the Clone Wars and survivor of Order 66.Yoda
97%
The first Jedi to defeat a Sith in almost a millennium, he survived Order 66 and went in exile on Tatooine.Obi-Wan Kenobi
94%
First Grand Master of the New Jedi Order who helped the Rebellion restore peace to the galaxy.Luke Skywalker
87%
Kel Dor Jedi Master who was shot down in his starfighter following the start of Order 66.Plo Koon
87%
The first Jedi Master to encounter the Gungan Jar Jar Binks during the Naboo crisis, he was trained by the Jedi turned Sith, Darth Tyrannus.Qui-Gon Jinn
81%
Killed by Savage Oppress during the Clone Wars, she once wielded a red bladed lightsaber.Adi Gallia
61%
Togruta Jedi Master killed by Galen Marek on Felucia after surviving Order 66.Shaak Ti
55%
Padawan turned bounty hunter who would later train the legendary bounty hunter Boba Fett.Aurra Sing
48%
Before the events of the Clone Wars he was the youngest Jedi Master to ever serve on the council.Mace Windu
45%
The last known survivor of the Clone Wars era Jedi, he led the Jedi Order into the formation of the Galactic Federation Triumvirate.K´Kruhk
42%
Battle Master of the Jedi Order during the Clone Wars.Cin Drallig
29%
Descent of Anakin Skywalker who followed in his grandfather´s footsteps by turning to the darkside and starting the Second Galactic Civil War.Jacen Solo
29%
Descendant of the Jedi turned Sith turned Jedi, Revan, she became the Jedi Grand Master during the Great Galactic War.Satele Shan
29%
Master of Quinlan Vos who survived Order 66 and fell in love with fellow Jedi survivor Tra Saa.Tholme
26%

Score Distribution

Percentile by Number Answered

Percent of People with Each Score

Your Score History

You have not taken this quiz